fundamentals of gene evolution (Record no. 480287)
[ view plain ]
| 000 -LEADER | |
|---|---|
| fixed length control field | 00395nam a22001577a 4500 |
| 003 - CONTROL NUMBER IDENTIFIER | |
| control field | ASAB |
| 005 - DATE AND TIME OF LATEST TRANSACTION | |
| control field | 20180827062707.0 |
| 008 - FIXED-LENGTH DATA ELEMENTS--GENERAL INFORMATION | |
| fixed length control field | 161122t xxu||||| |||| 00| 0 eng d |
| 020 ## - INTERNATIONAL STANDARD BOOK NUMBER | |
| International Standard Book Number | 81-8356-190-x |
| 040 ## - CATALOGING SOURCE | |
| Transcribing agency | ASAB |
| 100 ## - MAIN ENTRY--PERSONAL NAME | |
| Personal name | M. Prakash |
| 9 (RLIN) | 2239 |
| 245 ## - TITLE STATEMENT | |
| Title | fundamentals of gene evolution |
| 300 ## - PHYSICAL DESCRIPTION | |
| Extent | 320 P. |
| 440 ## - SERIES STATEMENT/ADDED ENTRY--TITLE | |
| Title | Encyclopaedia of gene evolution |
| Name of part/section of a work | ASAB1 |
| 9 (RLIN) | 2240 |
| 942 ## - ADDED ENTRY ELEMENTS (KOHA) | |
| Source of classification or shelving scheme | |
| Koha item type | Book |
| Withdrawn status | Lost status | Source of classification or shelving scheme | Damaged status | Not for loan | Collection code | Permanent Location | Current Location | Date acquired | Total Checkouts | Full call number | Barcode | Date last seen | Price effective from | Koha item type |
|---|---|---|---|---|---|---|---|---|---|---|---|---|---|---|
| Central Library (CL) | Central Library (CL) | 11/22/2016 | 576 PRA | ASAB1930 | 11/22/2016 | 11/22/2016 | Book |
